000
00243nam a2200085Ia 4500
008
120527s9999 xx 000 0 und d
100
_a
GERMAN, J
245
_a
Emotional disorders and learning disabilities in the elementary classroom
942
_c
BK
999
_c
25731
_d
25731